|
|
|
|
| LEADER |
00000nab a2200000 a 4500 |
| 001 |
vtls009001002 |
| 003 |
SK-MaSNL |
| 005 |
20260304153326.0 |
| 008 |
250506c2005 xo mr|p|||||||000 b|slo |
| 015 |
|
|
|a SNBRB2007/06
|2 snkbucl
|
| 035 |
|
|
|a (uuid)50abd6b5-e735-49c1-8bd1-a9d383b454e3
|
| 035 |
|
|
|a urn:nbn:sk:snk-ab1hlw
|
| 035 |
|
|
|a (urnnbn)urn:nbn:sk:snk:ar-003u2b
|
| 038 |
|
|
|a SNKBUCL
|
| 040 |
|
|
|a SNKBUCL
|b slo
|c SNKBUCL
|e AACR2
|
| 041 |
0 |
|
|a eng
|b eng
|b slo
|
| 044 |
|
|
|a xo
|c SK
|
| 080 |
|
|
|a 633.15:631.52
|2 1997
|
| 080 |
|
|
|a 631.52
|2 1997
|
| 080 |
|
|
|a 581.3
|2 1997
|
| 245 |
0 |
0 |
|a Androgenic response in anther and microspore culture of maize
|c Zuzana Baňová ... [et al.]
|
| 246 |
3 |
1 |
|a Androgénna odozva peľnicových a mikrospórových kultúr kukurice
|
| 300 |
|
|
|b Tab.
|
| 504 |
|
|
|a Bibliogr. odkazy
|
| 546 |
|
|
|a Res. angl., slov.
|
| 650 |
0 |
7 |
|a kukurica
|2 snkbucl
|9 16138
|
| 650 |
0 |
7 |
|a androgenéza
|2 snkbucl
|9 1476539
|
| 650 |
0 |
7 |
|a peľnicová kultúra
|2 snkbucl
|9 1476540
|
| 650 |
0 |
7 |
|a mikrospórová kultúra
|2 snkbucl
|9 1476541
|
| 700 |
1 |
|
|a Beňová, Zuzana
|4 aut
|9 646862
|
| 700 |
1 |
|
|a Obert, Bohuš
|4 aut
|9 21362
|
| 700 |
1 |
|
|a Masnica, Miloslav
|4 aut
|9 822367
|
| 700 |
1 |
|
|a Preťová, Anna,
|d 1945-
|4 aut
|9 122796
|
| 773 |
0 |
|
|t Agriculture = Poľnohospodárstvo
|g Vol. 51, no. 3 (2005), s. 159-163
|x 0551-3677
|
| 850 |
|
|
|a Slovenská národná knižnica
|
| 852 |
|
|
|a Slovenská národná knižnica
|
| 954 |
|
|
|a odborná, vedecká literatúra cudzojazyčná (svetová)
|2 lita
|
| 954 |
|
|
|a odborná, vedecká literatúra pôvodná (slovenská)
|2 lita
|
| 958 |
|
|
|a article27
|
| 958 |
|
|
|a OND
|
| 958 |
|
|
|a NB
|
| 958 |
|
|
|a EUIPO
|
| 999 |
|
|
|c 2953258
|d 2955188
|